Online Catalogue and eLibrary

Aazattai ariyum payanam (Record no. 3791)

MARC details
000 -LEADER
fixed length control field 00377nam a2200157Ia 4500
005 - DATE AND TIME OF LATEST TRANSACTION
control field 20250424030611.0
008 - FIXED-LENGTH DATA ELEMENTS--GENERAL INFORMATION
fixed length control field 240331s9999 xx 000 0 und d
020 ## - INTERNATIONAL STANDARD BOOK NUMBER
ISBN 8187477997
082 ## - DDC Classification
Item Number - Author Mark Pav
Class No. 894
100 ## - MAIN ENTRY--PERSONAL NAME
Personal name Pavannan,
245 #0 - TITLE STATEMENT
Title Aazattai ariyum payanam
260 ## - PUBLICATION, DISTRIBUTION, ETC.
Place of publication, distribution, etc. Nagercovil
Name of publisher, distributor, etc. Kalachuvadu Pathippagam
Date of publication, distribution, etc. 2004
300 ## - PHYSICAL DESCRIPTION
Extent (e.g. Volumes, Pages etc.) 254 p .,
650 ## - SUBJECT ADDED ENTRY--TOPICAL TERM
Topical term or geographic name entry element Essays
942 ## - Koha item type (Biblio)
Koha item type Books in Stacks (Lending)
Holdings
Lost status Damaged status Collection code Home library Current library Shelving location Date acquired Full call number Accession Number Item type
    Lending WERC Library WERC Library Social Science Cupboard 03/31/2024 891.811 Pav 1976 Books in Stacks (Lending)

© WERC Library